000
00186nam a2200109Ia 4500
100
_a
#N/A
942
_c
BK
654
_a
videos
245
_a
Videos
260
_b
#N/A
546
_a
ENGLISH
999
_c
24006
_d
24006